000 00761cam a2200241 a 4500
001 000003159
005 20200929150340.0
008 831117s1995 sp c 000 f spa
020 _a8427020600
040 _aDO-SdBNP
_cCarP
_dDLC
041 1 7 _aspa
_heng
_2Código de idioma MARC
043 _ae-sp
082 _a813.2
_bH399l
100 1 _aHawthorne, Nathaniel,
_d1804-1864.
_99987
240 1 0 _aScarlet letter.
_lEspañol
245 1 3 _aLa letra escarlata /
_cNathaniel Hawthorn ; traductor A Ruste.
260 _aBarcelona :
_bMartínez Roca,
_c1995.
300 _a221 p. :
_bretrs ;
_c24 cm.
650 4 _aNovela estadounidense
_9262
650 4 _aLiteratura estadounidense
_9263
700 1 _aRuste, A.
_etr.
_99988
910 _aCatalogación por copia / LC
999 _c2990
_d2990